Sweet Valley Kids Elizabeth's Valentine. (Запис № 554587)

МАРК-запис
000 -LEADER
fixed length control field 01096nam a2200253M 4500
001 - CONTROL NUMBER
control field sweetvalleykidse00stew
003 - CONTROL NUMBER IDENTIFIER
control field CaSfIA
005 - DATE AND TIME OF LATEST TRANSACTION
control field 20210119101015.0
007 - PHYSICAL DESCRIPTION FIXED FIELD--GENERAL INFORMATION
fixed length control field cr||||
008 - FIXED-LENGTH DATA ELEMENTS--GENERAL INFORMATION
fixed length control field 000203s1990 nyu 000 0 und d
040 ## - CATALOGING SOURCE
Original cataloging agency TXBRI
Transcribing agency TXBRI
Modifying agency CaSfIA
020 ## - INTERNATIONAL STANDARD BOOK NUMBER
International Standard Book Number 0553157612
020 ## - INTERNATIONAL STANDARD BOOK NUMBER
International Standard Book Number 9780553157611
035 ## - SYSTEM CONTROL NUMBER
System control number (OCoLC)608951963
100 1# - MAIN ENTRY--PERSONAL NAME
Personal name Pascal, Francine.
245 10 - TITLE STATEMENT
Title Sweet Valley Kids Elizabeth's Valentine.
Medium [electronic resource]
260 ## - PUBLICATION, DISTRIBUTION, ETC. (IMPRINT)
Place of publication, distribution, etc New York
Name of publisher, distributor, etc Bantam
Date of publication, distribution, etc 1990.
300 ## - PHYSICAL DESCRIPTION
Extent 73p., ill., 20cm.
506 ## - RESTRICTIONS ON ACCESS NOTE
Standardized terminology for access restriction Необхідна авторизація на https://archive.org/ (створення облікового запису безкоштовно)
506 ## - RESTRICTIONS ON ACCESS NOTE
Standardized terminology for access restriction Необхідна авторизація на https://openlibrary.org/ (створення облікового запису безкоштовно)
856 41 - ELECTRONIC LOCATION AND ACCESS
Uniform Resource Identifier <a href="http://www.archive.org/details/sweetvalleykidse00stew">http://www.archive.org/details/sweetvalleykidse00stew</a>
Public note Free eBook from the Internet Archive
856 42 - ELECTRONIC LOCATION AND ACCESS
Uniform Resource Identifier <a href="http://www.openlibrary.org/books/OL24614878M">http://www.openlibrary.org/books/OL24614878M</a>
Public note Additional information and access via Open Library
942 ## - ADDED ENTRY ELEMENTS (KOHA)
Koha item type ЕКнига

Немає доступних примірників.